000
00303nam a2200121Ia 4500
008
190216s9999||||xx |||||||||||||| ||und||
100
_a
Joshi Deep Chandra
245
0
_a
Quantum Electro Dynamics And Practical Physics
260
_b
I.K.International
300
_a
550
650
_a
Physics
942
_c
BK
999
_c
34134
_d
34134